<?xml version="1.0" encoding="UTF-8"?>
<record
    xmlns:xsi="http://www.w3.org/2001/XMLSchema-instance"
    xsi:schemaLocation="http://www.loc.gov/MARC21/slim http://www.loc.gov/standards/marcxml/schema/MARC21slim.xsd"
    xmlns="http://www.loc.gov/MARC21/slim">

  <leader>00835nam a2200193Ia 4500</leader>
  <controlfield tag="008">151119s9999||||xx |||||||||||||| ||und||</controlfield>
  <datafield tag="082" ind1=" " ind2=" ">
    <subfield code="a">915</subfield>
  </datafield>
  <datafield tag="082" ind1=" " ind2=" ">
    <subfield code="b">GKKV32528</subfield>
  </datafield>
  <datafield tag="100" ind1=" " ind2=" ">
    <subfield code="a">&#x917;&#x921;&#x915;&#x930;&#x940; &#x936;&#x94D;&#x930;&#x940;&#x928;&#x93F;&#x935;&#x93E;&#x938;</subfield>
  </datafield>
  <datafield tag="245" ind1=" " ind2=" ">
    <subfield code="a">&#x930;&#x93E;&#x92F;&#x917;&#x921; &#x91C;&#x93F;&#x932;&#x94D;&#x939;&#x94D;&#x92F;&#x93E;&#x924;&#x940;&#x932; &#x907;&#x924;&#x93F;&#x939;&#x93E;&#x938; &#x91C;&#x92A;&#x923;&#x93E;&#x930;&#x940; &#x917;&#x93E;&#x935;&#x902;</subfield>
  </datafield>
  <datafield tag="260" ind1=" " ind2=" ">
    <subfield code="a">&#x92A;&#x941;&#x923;&#x947;</subfield>
  </datafield>
  <datafield tag="260" ind1=" " ind2=" ">
    <subfield code="b">&#x92C;&#x941;&#x915;&#x92E;&#x93E;&#x930;&#x94D;&#x915; &#x92A;&#x92C;&#x94D;&#x932;&#x93F;&#x915;&#x947;&#x936;&#x928;&#x94D;&#x938;</subfield>
  </datafield>
  <datafield tag="260" ind1=" " ind2=" ">
    <subfield code="c">2013</subfield>
  </datafield>
  <datafield tag="600" ind1=" " ind2=" ">
    <subfield code="a">&#x917;&#x921;&#x915;&#x930;&#x940; &#x936;&#x94D;&#x930;&#x940;&#x928;&#x93F;&#x935;&#x93E;&#x938;</subfield>
  </datafield>
  <datafield tag="630" ind1=" " ind2=" ">
    <subfield code="a">&#x930;&#x93E;&#x92F;&#x917;&#x921; &#x91C;&#x93F;&#x932;&#x94D;&#x939;&#x94D;&#x92F;&#x93E;&#x924;&#x940;&#x932; &#x907;&#x924;&#x93F;&#x939;&#x93E;&#x938; &#x91C;&#x92A;&#x923;&#x93E;&#x930;&#x940; &#x917;&#x93E;&#x935;&#x902;</subfield>
  </datafield>
  <datafield tag="700" ind1=" " ind2=" ">
    <subfield code="a">&#x917;&#x921;&#x915;&#x930;&#x940; &#x936;&#x94D;&#x930;&#x940;&#x928;&#x93F;&#x935;&#x93E;&#x938;</subfield>
  </datafield>
  <datafield tag="730" ind1=" " ind2=" ">
    <subfield code="a">&#x930;&#x93E;&#x92F;&#x917;&#x921; &#x91C;&#x93F;&#x932;&#x94D;&#x939;&#x94D;&#x92F;&#x93E;&#x924;&#x940;&#x932; &#x907;&#x924;&#x93F;&#x939;&#x93E;&#x938; &#x91C;&#x92A;&#x923;&#x93E;&#x930;&#x940; &#x917;&#x93E;&#x935;&#x902;</subfield>
  </datafield>
  <datafield tag="942" ind1=" " ind2=" ">
    <subfield code="c">BOOK</subfield>
  </datafield>
  <datafield tag="999" ind1=" " ind2=" ">
    <subfield code="c">1084831</subfield>
    <subfield code="d">1084828</subfield>
  </datafield>
  <datafield tag="952" ind1=" " ind2=" ">
    <subfield code="0">0</subfield>
    <subfield code="1">0</subfield>
    <subfield code="4">0</subfield>
    <subfield code="7">0</subfield>
    <subfield code="a">GKKV</subfield>
    <subfield code="b">GKKV</subfield>
    <subfield code="d">2013-07-13</subfield>
    <subfield code="g">0.00</subfield>
    <subfield code="l">0</subfield>
    <subfield code="o">GKKV32528</subfield>
    <subfield code="p">GKKV32528</subfield>
    <subfield code="r">2015-11-19 00:00:00</subfield>
    <subfield code="v">0.00</subfield>
    <subfield code="w">2015-11-19</subfield>
    <subfield code="y">BOOK</subfield>
  </datafield>
</record>
